000 00347pam a2200157a 44500
008 230515b2011 xxu||||| |||| 00| 0 eng d
020 _a978812240265
041 _aENGLISH
082 _a0
100 _aGULATI R R
245 _aCOLOUR TELECISION
250 _a0
260 _a
_bNEW AGE INTERNATIONAL
_c2011
300 _a419
650 _aNULL
999 _c600878
_d600878